000 00719nam a2200289 a 4500
003 AR-BaBNM
005 20251128210227.0
008 082120s2002 ||||||||||||||000 | spa||
020 _a84-206-4682-2
040 _cAR-BaBNM
100 1 _aGago, Luis Carlos
245 0 0 _aBach
260 _aMadrid
_bAlianza Editorial
_c1995
300 _a95 p.
490 0 _aAlianza Cien
_vv. 82
500 _aContiene lista de obras más importantes en p. 93
650 4 _aBIOGRAFIAS
650 4 _aMUSICOS
650 4 _aHISTORIA DE LA MUSICA
650 4 _aMUSICA CLASICA
650 4 _aFORMAS MUSICALES
650 4 _aHISTORIA EUROPEA
653 _aBARROCO
655 _aBIOGRAFIAS
942 _cBK
998 _cMARTIN
999 _c14586
_d14586